00923nam a22002537a 45000010005000000030006000050050017000110080041000280200018000690400029000870500014001160820010001301000029001402450067001692500035002362600038002713000048003095050008003575200194003655210020005595210020005796500033005997000037006325505FISKH20241213113024.0241213b cb ||||| |||| 00| 0 eng d a9780439760348 aFISKHbengcFISKHdFISKH aGV1469.S7 a795.4 aSteele, Michael Anthony  aDueling legends official handbook /cby Michael Anthony Steele aFirst printing, September 2005 aNew York : bScholastic ;c1996 . a80 pages : bcolor illustrations ;c23 cm . aG  a"How well do you know your duelists? Learn all about the magic and monsters in the Yu-Gi-verse in this awesome guide packed with pictures, facts, trivia, puzzles, and more!"--The publisher.8 a340 bLexile 8 aG bRaz-Plus  aJapanvFiction - Comic Books aTakahashi, Kazuki eillustrator